Linear electric circuits

Saved in:
Bibliographic Details
Main Author: Cassell, Wallace L (Author)
Format: Book
Language:English
Published: Nueva York John Wiley 1964
Subjects:
Tags: Add Tag
No Tags, Be the first to tag this record!

MARC

LEADER 00000nam a2200000 a 4500
001 UCU5094
003 CL-VaPUC
008 960531e19640000US |||||||||||||||||eng|d
082 0 4 |a 621.31  |b CAS  |2 21 
100 0 |a Cassell, Wallace L  |e author  |9 362940 
245 1 0 |a Linear electric circuits 
300 |a 603 p 
942 |c BK 
945 |d 19960531 00:00:00  |a cmena 
260 |a Nueva York  |b John Wiley  |c 1964 
650 0 |a Circuitos eléctricos   |9 260262 
650 0 |a Propiedades eléctricas   |9 271909 
650 0 |a Voltaje   |9 362861 
650 7 |a CARGA DE LAS REDES ELECTRICAS  |2 CL-VaPUC  |9 362890 
650 0 |a Propagación de ondas  |9 263256 
650 0 |a Energía eléctrica  |9 256678 
650 7 |a POTENCIA ELECTRICA  |2 CL-VaPUC  |9 345463 
583 |a last modification  |c 20150713 14:25:23  |k Rodrigo Vera 
999 |c 248579  |d 248577 
952 |0 0  |1 0  |4 0  |6 621_310000000000000_CAS_1964  |7 0  |8 A  |9 265310  |a BIBING  |b BIBING  |d 2019-11-19  |i 1673718  |o 621.31 CAS 1964  |p 1673718  |r 2025-01-20  |w 2019-11-19  |y BK  |k EIE